| 000 | 00000nam 2200000za 4500 |
| 001 | 9.830360 |
| 003 | CaOODSP |
| 005 | 20221107145519 |
| 007 | cr ||||||||||| |
| 008 | 170111s1926 onc #of f000 0 fre d |
| 040 | |aCaOODSP|bfre |
| 041 | |aeng|afre |
| 043 | |an-cn-mb|an-cn-sn|an-cn-ab |
| 086 | 1 |aCS98-1926I-PDF|zCS98-1926I |
| 245 | 00|aCensus of Manitoba, Saskatchewan and Alberta 1926, instructions to commissioners and enumerators |h[ressource électronique]. |
| 246 | 3 |aInstructions aux commissaires et énumérateurs |
| 260 | |aOttawa : |bDominion Bureau of Statistics,|c1926 |f(Government Printing Bureau) |
| 300 | |a1-45, 47-91 p. |
| 500 | |aTitre de depart. addit., p. 47: Instructions aux commissaires et énumérateurs. |
| 500 | |a"Approved by Order in Council, 1926." |
| 500 | |aPublication historique numérisée de l'imprimé [par Statistique Canada]. |
| 520 | 0 |aComprend les instructions aux commissionaires et énumérateurs, et Appendice « Extraits de la Loi de la statistique, 8-9 George 5, chapitre 43, 1918 ». |
| 546 | |aTexte en anglais et en français. Texte en français suit le texte anglais (p. 47-91). |
| 692 | 07|2gccst|aRecensement |
| 692 | 07|2gccst|aManuel |
| 710 | 1 |aCanada. |bBureau fédéral de la statistique. |
| 791 | |tCensus of Manitoba, Saskatchewan and Alberta 1926, instructions to commissioners and enumerators |eeng|w(CaOODSP)9.830351 |
| 794 | |tRecensement de Manitoba, Saskatchewan et Alberta 1936, instructions aux commissaires et énumérateurs, recensement 1936 |w(CaOODSP)9.833256 |
| 795 | |tRecensements de Manitoba, Saskatchewan et Alberta, 1916, instructions aux commissaires et recenseurs |w(CaOODSP)9.832087 |
| 856 | 40|qPDF|s2.22 Mo|uhttps://publications.gc.ca/collections/collection_2017/statcan/CS98-1926I-eng.pdf |
| 856 | 40|qPDF|s1.92 Mo|uhttps://publications.gc.ca/collections/collection_2017/statcan/CS98-1926I-fra.pdf |